|
|
|
|
| LEADER |
00585nam a22001817a 4500 |
| 020 |
|
|
|a 9788184572780
|
| 082 |
|
|
|a 338.479 154
|b KAU/E
|
| 100 |
|
|
|a Kaushal,Prerna
|
| 100 |
|
|
|a Shar5ma,Shashi Prabha
|
| 245 |
|
|
|a Ecological and environmental impact of tourism
|
| 260 |
|
|
|a New Delhi
|b Kanishka
|c 2011
|
| 300 |
|
|
|a 392p.
|
| 650 |
|
|
|a Tourism-Environmental aspects
|
| 650 |
|
|
|a India
|
| 650 |
|
|
|a Ecotourism
|
| 942 |
|
|
|c BK
|
| 999 |
|
|
|c 37361
|d 37361
|
| 952 |
|
|
|0 0
|1 0
|4 0
|6 338_479000000000000_154_KAUE
|7 0
|8 Stack
|9 39565
|a KUCL
|b KUCL
|c Stack
|d 2016-01-08
|g 995.00
|l 0
|o 338.479 154 KAU/E
|p 37336
|r 2016-01-08
|y BK
|